|
|
|
|
| LEADER |
01962nam a2200421 a 4500 |
| 001 |
EBC343673 |
| 003 |
MiAaPQ |
| 005 |
20200520144314.0 |
| 006 |
m o d | |
| 007 |
cr cn||||||||| |
| 008 |
080319s2008 caua sb 001 0 eng |
| 010 |
|
|
|z 2008009622
|
| 015 |
|
|
|a GBA827330
|2 bnb
|
| 016 |
7 |
|
|z 014542722
|2 Uk
|
| 020 |
|
|
|z 9780470276877 (cloth)
|
| 020 |
|
|
|z 0470276878 (cloth)
|
| 035 |
|
|
|a (MiAaPQ)EBC343673
|
| 035 |
|
|
|a (Au-PeEL)EBL343673
|
| 035 |
|
|
|a (CaPaEBR)ebr10232601
|
| 035 |
|
|
|a (CaONFJC)MIL137411
|
| 035 |
|
|
|a (OCoLC)437209250
|
| 040 |
|
|
|a MiAaPQ
|c MiAaPQ
|d MiAaPQ
|
| 050 |
|
4 |
|a HD53
|b .M364 2008
|
| 082 |
0 |
4 |
|a 658.4/012
|2 22
|
| 100 |
1 |
|
|a Markides, Constantinos.
|
| 245 |
1 |
0 |
|a Game-changing strategies
|h [electronic resource] :
|b how to create new market space in established industries by breaking the rules /
|c Constantinos C. Markides.
|
| 250 |
|
|
|a 1st ed.
|
| 260 |
|
|
|a San Francisco, CA :
|b Jossey-Bass,
|c c2008.
|
| 300 |
|
|
|a xxv, 222 p. :
|b ill.
|
| 504 |
|
|
|a Includes bibliographical references (p. 205-210) and index.
|
| 505 |
0 |
|
|a The innovation is in the business model -- Discovering new business models -- Creativity is not enough : from discovering to implementing new business models -- Using dual business models to compete : is a separate unit necessary? -- Separation is not enough : how to achieve ambidexterity -- Responding to business-model innovation -- When would established firms discover new business models? -- Rethinking innovation in the big firm.
|
| 533 |
|
|
|a Electronic reproduction. Ann Arbor, MI : ProQuest, 2015. Available via World Wide Web. Access may be limited to ProQuest affiliated libraries.
|
| 650 |
|
0 |
|a Creative ability in business.
|
| 650 |
|
0 |
|a Organizational change.
|
| 650 |
|
0 |
|a Corporations
|x Growth.
|
| 655 |
|
4 |
|a Electronic books.
|
| 710 |
2 |
|
|a ProQuest (Firm)
|
| 856 |
4 |
0 |
|u https://ebookcentral.proquest.com/lib/matrademy/detail.action?docID=343673
|z Click to View
|